000 00896nam a2200229 i 4500
001 182175
003 ES-MaACL
005 20240510063150.0
008 130621s2012 sp | |||||||| | spa d
020 _a978-84-7731-542-1
080 _a821.134.2(460.11)-14"19"(082.2)
245 0 0 _aGuía viva de ortodoxos y heterodoxos en la poesía gallega :
_bapuntes para no disolverse en la común semilla del tiempo /
_cedición de Antonino Nieto Rodríguez.
260 _aMadrid :
_bEndymion,
_cD.L. 2012.
300 _a886 p. ;
_c20 cm.
490 1 _aPoesía (Ediciones Endymion) ;
_v323
650 4 _aPoesías españolas-
_zGalicia.
_9144044
700 1 _aNieto Rodríguez, Antonino.
_9152971
830 0 _aPoesía (Ediciones Endymion) ;
_v323
_9191744
852 _aES-MaACL
_jA-12740
_9189086
_bR.148995
_cDEPO1
_dOlim: N-5740
942 _2udc
_cMONOGRAFIA
999 _c182175
_d182175